ბათუმის შოთა რუსთაველის სახელმწიფო უნივერსიტეტის ბიბლიოთეკა

პროფესიონალი მასწავლებლის 9 მახასიათებელი : (ბიბ.ჩანაწერი № 37519)

000 -ლიდერი
ფიქსირებული სიგრძის საკონტროლო ველი 01430nam a2200253Ia 4500
001 - საკონტროლო ნომერი
საკონტროლო ველი 3483
003 - საკონტროლო ნომრის იდენტიფიკატორი
საკონტროლო ველი GE_BSU
005 - ბოლო ოპერაციის თარიღი და დრო
საკონტროლო ველი 20190620182821.0
008 - ფიქსირებული სიგრძის მონაცემთა ელემენტები - ზოგადი ინფორმაცია
ფიქსირებული სიგრძის საკონტროლო ველი 181216s2009||||ge |||||||||||||| ||geo||
020 ## - წიგნის საერთაშორისო სტანდარტული ნომერი
International Standard Book Number 978-9941014673
040 ## - კატალოგიზაციის წყარო
Transcribing agency GE_BSU
041 ## - ენის კოდი
Language code of text/sound track or separate title geo
080 ## - უნივერსალური ათობითი კლასიფიკაციის ინდექსი
Universal Decimal Classification number 371.134 თ-49
100 ## - მთავარი ჩანაწერი - პიროვნების სახელი
Personal name თერნბული, ჯეკი
9 (RLIN) 2684
245 ## - ცნობა სათაურის შესახებ
Title პროფესიონალი მასწავლებლის 9 მახასიათებელი :
Remainder of title პრაქტიკული გზამკვლევი პროფესიული წარმატებისათვის /
Statement of responsibility, etc ჯეკი თერნბული ; მთარგმნ. თეო ნეფარიძე ; რედ. ნათია ნაცვლიშვილი.
250 ## - გამოცემის ცნობა
Edition statement პირველი ქართ. გამოცემა
264 ## - წარმოების, გამოცემის, დისტრიბუციის და სხვა ცნობები
გამოცემის, წარმოების, დისტრიბუციის... ადგილი თბილისი :
გამოცემის, წარმოების, დისტრიბუციის... სახელწოდება მასწავლებელთა პროფ. განვითარების ცენტრი,
გამოცემის, წარმოების, დისტრიბუციის... თარიღი 2009.
300 ## - ფიზიკური აღწერა
Extent 165გვ. ;
Other physical details 24სმ.
504 ## - BIBLIOGRAPHY, ETC. NOTE
Bibliography, etc ბიბლიოგრ.: გვ. 163-165.
653 ## - INDEX TERM--UNCONTROLLED
Uncontrolled term მასწავლებლის პროფესიონალიზმი
700 ## - ADDED ENTRY--PERSONAL NAME
Personal name ნეფარიძე, თეო
Relator term მთარგმნელი
9 (RLIN) 2571
700 ## - ADDED ENTRY--PERSONAL NAME
Personal name ნაცვლიშვილი, ნათია
Relator term რედაქტორი
9 (RLIN) 890
942 ## - ADDED ENTRY ELEMENTS (KOHA)
Koha item type წიგნი
Source of classification or shelving scheme
ეგზემპლარები
ჩამოწერის სტატუსი დაკარგული ეგზემპლარის სტატუსი კლასიფიკაციის წყარო ან თაროზე გაწყობის სქემა დაზიანების სტატუსი არ გაიცემა მუდმივი მდებარეობა (დაცვის ადგილი) ამჟამინდელი ადგილსამყოფელი თაროზე განთავსების ადგილი შეძენის თარიღი სრული შენახვის შიფრი შტრიხკოდი ბოლო ოპერაციის თარიღი ეგზემპლარის მიმდევრობითი ნომერი (კეტერი?) ფასის ძალაში შესვლის თარიღი ეგზემპლარის სახეობა საჯარო შენიშვნა
          ბათუმის შოთა რუსთაველის სახელმწიფო უნივერსიტეტის მთავარი ბიბლიოთეკა ბათუმის შოთა რუსთაველის სახელმწიფო უნივერსიტეტის მთავარი ბიბლიოთეკა წიგნსაცავი 2018-12-17 371.134 თ-49 5052 2018-12-17 5052 2018-12-17 წიგნი
          ბათუმის შოთა რუსთაველის სახელმწიფო უნივერსიტეტის მთავარი ბიბლიოთეკა ბათუმის შოთა რუსთაველის სახელმწიფო უნივერსიტეტის მთავარი ბიბლიოთეკა წიგნსაცავი 2018-12-17 371.134 თ-49 5053 2018-12-17 5053 2018-12-17 წიგნი
          ბათუმის შოთა რუსთაველის სახელმწიფო უნივერსიტეტის მთავარი ბიბლიოთეკა ბათუმის შოთა რუსთაველის სახელმწიფო უნივერსიტეტის მთავარი ბიბლიოთეკა წიგნსაცავი 2018-12-17 371.134 თ-49 5054 2018-12-17 5054 2018-12-17 წიგნი
          ბათუმის შოთა რუსთაველის სახელმწიფო უნივერსიტეტის მთავარი ბიბლიოთეკა ბათუმის შოთა რუსთაველის სახელმწიფო უნივერსიტეტის მთავარი ბიბლიოთეკა წიგნსაცავი 2018-12-17 371.134 თ-49 5055 2018-12-17 5055 2018-12-17 წიგნი
          ბათუმის შოთა რუსთაველის სახელმწიფო უნივერსიტეტის მთავარი ბიბლიოთეკა ბათუმის შოთა რუსთაველის სახელმწიფო უნივერსიტეტის მთავარი ბიბლიოთეკა წიგნსაცავი 2018-12-17 371.134 თ-49 5056 2018-12-17 5056 2018-12-17 წიგნი